000 00667nam a2200181Ia 4500
999 _c65492
_d65492
005 20240530110827.0
008 140319s1988 ua 000 0 ara d
017 _bمصر. دار الكتب
040 _aGCL /
_cGCL
082 0 4 _221
_a253.901/
_bم ش
100 0 _aمحمد ابو زهرة
245 1 0 _aشرح قانون الوصية :
_bدراسة مقارنة لمسائله وبيان لمصادره الفقهية /
_cمحمد ابو زهرة
260 _aالقاهرة :
_bدار الفكر العربى،
_c1988
300 _a136 ص. ؛
_c24 سم.
650 0 7 _aالاسلام والاصلاح الدينى
_2qrmak
651 _2qrmak
942 _2ddc
_cBK